000 005880000a22001210004500
090 _aAS
_bSeriadas
100 1 _aGuzmán Piedrahita, Oscar Adrián
_9100514
700 1 _aCastaño Zapata, Jairo
_9100515
245 1 0 _aAnálisis de algunos componentes de resistencia en los híbridos de plátano FHIA-20 y de banano FHIA-23 a las sigatokas negra (Mycosphaerella fijiensis morelet) y amarilla (Mycosphaerella musicola leach)
300 _btbls.
_a323-329 p.
942 _cARTICULO
773 1 _tRevista de la Academia Colombiana de Ciencias Exactas, Físicas y Naturales
_h128
_q323-329 p.
_d2009
_g33
999 _c16285
_d16285